000
00278nam a22001217a 4500
041
_a
ENG
100
_a
Youssef .H.A
245
_a
Hachining Technology Machine Tools And Operations
260
_a
Delhi
_b
CRC Press
_c
1998
300
_a
631
650
_a
FMP
856
_u
FMP ( 16 )
999
_c
1393
_d
1393